Statistics for Greenest Countries in the World (2014)

Click here to take the quiz!

General Stats

  • This quiz has been taken 2,161 times
    (1,288 since last reset)
  • The average score is 23 of 30

Answer Stats

#Country% Correct
10Norway
94%
9Sweden
94%
18Finland
92%
12United Kingdom
92%
24Canada
89%
13Denmark
88%
27France
88%
6Germany
87%
22Italy
86%
7Spain
86%
14Iceland
85%
1Switzerland
84%
8Austria
82%
11Netherlands
82%
17Portugal
81%
3Australia
79%
19Ireland
78%
16New Zealand
78%
30Poland
78%
23Greece
74%
26Japan
74%
2Luxembourg
73%
5Czech Republic
69%
20Estonia
68%
15Slovenia
68%
21Slovakia
67%
28Hungary
65%
4Singapore
47%
29Chile
36%
25United Arab Emirates
25%

Score Distribution

Percentile by Number Answered

Percent of People with Each Score

Your Score History

You have not taken this quiz since the last reset